Alle grossen tektonischen Platten - Statistiken

Allgemein
  • Dieses Quiz wurde 24 mal gespielt
  • Das Durchschnittsergebnis liegt bei 6 aus 7
Antwortstatistiken
Antwort % Korrekt
Eurasische Platte
100%
Afrikanische Platte
79%
Australische Platte
79%
Nordamerikanische Platte
79%
Südamerikanische Platte
79%
Antarktische Platte
71%
Pazifische Platte
71%
Keine übereinstimmenden Quizze gefunden
Verteilung der Resultate
Anzahl Personen mit jedem Resultat
Perzentil nach korrekt beantworteten Fragen
Ihre Resultats-Entwicklung
Sie haben dieses Quiz noch nicht gespielt